=LDR 00000nam 2200000 4500 =001 INLIS000000000041172 =005 20130612150723 =008 ***********************************ind** =035 ##$$0010-061300000041172 =041 ##$$a ind =082 ##$$a 371.32 =090 ##$$a 371.32 , Bak ,d =100 ##$$a BAKRI, R. Sutoyo =245 ##$$a Buku Pintar Pelajar , R.Sutoyo Bakir =260 ##$$a 2010 $b Jakarta =300 ##$$a 371.32 , Bak ,b =650 ##$$a BUKU PELAJARAN =850 ##$$a NBPNMAT